Educación Tecnológica: Programa de estudio, Octavo año Básico NB6
Gorde:
| Erakunde egilea: | |
|---|---|
| Formatua: | Liburua |
| Hizkuntza: | gaztelania |
| Argitaratua: |
Santiago
Ministerio de Educación
2006
|
| Edizioa: | 1a. ed |
| Saila: | Educación Básica, 8
|
| Gaiak: | |
| Etiketak: |
Etiketa erantsi
Etiketarik gabe, Izan zaitez lehena erregistro honi etiketa jartzen!
|
MARC
| LEADER | 00000nam a2200000 a 4500 | ||
|---|---|---|---|
| 001 | UCJ1822 | ||
| 003 | CL-VaPUC | ||
| 008 | 061117e20060000CL |||||||||||||||||spa|d | ||
| 020 | |a 9567933790 | ||
| 082 | 0 | 4 | |a 372.358 |b MIN |2 21 |
| 110 | 2 | |a Ministerio de Educación |e author |9 502554 | |
| 245 | 1 | 0 | |a Educación Tecnológica: Programa de estudio, Octavo año Básico NB6 |
| 250 | |a 1a. ed | ||
| 300 | |a 117 p | ||
| 942 | |c BK | ||
| 945 | |d 20061117 00:00:00 |a cmena | ||
| 260 | |a Santiago |b Ministerio de Educación |c 2006 | ||
| 650 | 0 | |a Educación básica |9 224933 | |
| 650 | 0 | |a Planificación del currículo |9 269599 | |
| 650 | 7 | |a INNOVACIONES TECNOLOGICAS |2 CL-VaPUC |9 502555 | |
| 650 | 0 | |a Métodos de enseñanza |9 270413 | |
| 583 | |a last modification |c 20061117 00:00:00 |k Rodrigo Vera | ||
| 490 | 0 | |a Educación Básica, 8 | |
| 999 | |c 318265 |d 318263 | ||
| 952 | |0 0 |1 0 |4 0 |6 372_358000000000000_MIN_2006 |7 0 |8 R |9 395939 |a BIBEDU |b BIBEDU |d 2019-11-22 |i 4291220 |o 372.358 MIN 2006 |p 4291220 |r 2019-11-22 |w 2019-11-22 |y BK_R |k EBA | ||